000 00563nam a2200241Ia 4500
005 20260306145637.0
008 008 260114s9999 xx 000 0 eng d
020 _a9783839431740
037 _aEbook
040 _aCRL
040 _beng
040 _cCRL
041 _2eng
041 _aeng
084 _qCRL
245 0 _aIn (Ge)schlechter Gesellschaft?
260 _btranscript Verlag
260 _c2015
650 _aLiterary Studies
856 _uhttps://www.degruyter.com/isbn/9783839431740
942 _cEBOOK
999 _c1689813
_d1689813